Couches de l'atmosphère - Statistiques

Statistiques générales
  • Ce quiz a été pris 12 fois
  • Le résultat moyen est 6 sur 11
Statistiques - réponses
Question Réponse % Correct
Couche de l'athmosphère en contact avec le sol. troposphère
100%
Elle mesure seulement 16 km. C'est la plus mince couche de l'athmosphère. Troposphère
80%
Dans quelle couche peuvent voler les gros avions de ligne? Stratosphère
60%
Dans quelle couche se font les aurores boréales? thermosphere
60%
Dans quelles couche peut-on trouver les satelittes? thermosphere
60%
Dans quelle couche se produisent les phénomènes météorologiques? troposphère
60%
Dans quelles couche peuvent voler les petits avions? troposphère
60%
À propos de quelle couche a-t-on le moins d'information car les avions n'y volent pas et les satellites sont plus haut? mesosphère
40%
Couche de l'athmosphère dans laquelle on peut trouver la couche d'ozone. stratosphère
40%
La couche de l'athmosphère la plus grande en kilomètre? Thermosphère
40%
Couche de l'athmosphère dans laquelle on peut observer des étoiles filantes. mésosphère
0%
Aucun quiz correspondant
Distribution des résultats
% des personnes avec chaque résultat
Percentile par nombre de réponses
Votre historique - résultats
Vous n’avez pas pris ce quiz